<?xml version="1.0" encoding="UTF-8"?>
<record
    xmlns:xsi="http://www.w3.org/2001/XMLSchema-instance"
    xsi:schemaLocation="http://www.loc.gov/MARC21/slim http://www.loc.gov/standards/marcxml/schema/MARC21slim.xsd"
    xmlns="http://www.loc.gov/MARC21/slim">

  <leader>01100nam a2200205Ia 4500</leader>
  <datafield tag="999" ind1=" " ind2=" ">
    <subfield code="c">37445</subfield>
    <subfield code="d">37445</subfield>
  </datafield>
  <controlfield tag="001">3404</controlfield>
  <controlfield tag="003">GE_BSU</controlfield>
  <controlfield tag="005">20190606194910.0</controlfield>
  <controlfield tag="008">181216s1977||||ge |||||||||||||| ||geo||</controlfield>
  <datafield tag="040" ind1=" " ind2=" ">
    <subfield code="c">GE_BSU</subfield>
  </datafield>
  <datafield tag="041" ind1=" " ind2=" ">
    <subfield code="a">geo</subfield>
  </datafield>
  <datafield tag="080" ind1=" " ind2=" ">
    <subfield code="a">621.1(075.8)+536+681  &#x10DA;-86</subfield>
  </datafield>
  <datafield tag="100" ind1=" " ind2=" ">
    <subfield code="a">&#x10DA;&#x10DD;&#x10E1;&#x10D0;&#x10D1;&#x10D4;&#x10E0;&#x10D8;&#x10EB;&#x10D4;, &#x10D0;.</subfield>
    <subfield code="9">1068</subfield>
  </datafield>
  <datafield tag="245" ind1=" " ind2=" ">
    <subfield code="a">&#x10D7;&#x10D1;&#x10DD;&#x10E2;&#x10D4;&#x10E5;&#x10DC;&#x10D8;&#x10D9;&#x10E3;&#x10E0;&#x10D8; &#x10D2;&#x10D0;&#x10D6;&#x10DD;&#x10DB;&#x10D5;&#x10D4;&#x10D1;&#x10D8; &#x10D3;&#x10D0; &#x10D7;&#x10D1;&#x10E3;&#x10E0;&#x10D8; &#x10DE;&#x10E0;&#x10DD;&#x10EA;&#x10D4;&#x10E1;&#x10D4;&#x10D1;&#x10D8;&#x10E1;  &#x10D0;&#x10D5;&#x10E2;&#x10DD;&#x10DB;&#x10D0;&#x10E2;&#x10D8;&#x10D6;&#x10D0;&#x10EA;&#x10D8;&#x10D0; : &#x10DC;&#x10D0;&#x10EC;. l .   &#x10D7;&#x10D1;&#x10D8;&#x10D4;&#x10E5;&#x10E2;&#x10E3;&#x10E0;&#x10D8; &#x10D2;&#x10D0;&#x10D6;&#x10DD;&#x10DB;&#x10D5;&#x10D4;&#x10D1;&#x10D8; &#x10D3;&#x10D0; &#x10EE;&#x10D4;&#x10DA;&#x10E1;&#x10D0;&#x10EC;&#x10E7;&#x10DD;&#x10D4;&#x10D1;&#x10D8;   /</subfield>
    <subfield code="c"> &#x10D0;. &#x10DA;&#x10DD;&#x10E1;&#x10D0;&#x10D1;&#x10D4;&#x10E0;&#x10D8;&#x10EB;&#x10D4; ;  &#x10E0;&#x10D4;&#x10D3; : &#x10D5; .&#x10D2;&#x10DD;&#x10D2;&#x10E1;&#x10D0;&#x10EB;&#x10D4;.</subfield>
  </datafield>
  <datafield tag="264" ind1=" " ind2=" ">
    <subfield code="a">&#x10D7;&#x10D1;&#x10D8;&#x10DA;&#x10D8;&#x10E1;&#x10D8; :</subfield>
    <subfield code="b">&#x10D2;&#x10D0;&#x10DC;&#x10D0;&#x10D7;&#x10DA;&#x10D4;&#x10D1;&#x10D0;,</subfield>
    <subfield code="c">1977.</subfield>
  </datafield>
  <datafield tag="300" ind1=" " ind2=" ">
    <subfield code="a">258 &#x10D2;&#x10D5; .:</subfield>
    <subfield code="b">&#x10EA;&#x10EE;&#x10E0;.</subfield>
    <subfield code="c">22 &#x10E1;&#x10DB;.</subfield>
  </datafield>
  <datafield tag="653" ind1=" " ind2=" ">
    <subfield code="a">&#x10D7;&#x10D1;&#x10DD;&#x10E2;&#x10D4;&#x10E5;&#x10DC;&#x10D8;&#x10D9;&#x10E3;&#x10E0;&#x10D8; &#x10D2;&#x10D0;&#x10D6;&#x10DD;&#x10DB;&#x10D5;&#x10D4;&#x10D1;&#x10D8;; &#x10D7;&#x10D1;&#x10E3;&#x10E0;&#x10D8; &#x10DE;&#x10E0;&#x10DD;&#x10EA;&#x10D4;&#x10E1;&#x10D4;&#x10D1;&#x10D8;&#x10E1; &#x10D0;&#x10D5;&#x10E2;&#x10DD;&#x10DB;&#x10D0;&#x10E2;&#x10D8;&#x10D6;&#x10D0;&#x10EA;&#x10D8;&#x10D0;.</subfield>
  </datafield>
  <datafield tag="700" ind1=" " ind2=" ">
    <subfield code="a">&#x10D2;&#x10DD;&#x10D2;&#x10E1;&#x10D0;&#x10EB;&#x10D4;, &#x10D5; </subfield>
    <subfield code="e">&#x10E0;&#x10D4;&#x10D3;&#x10D0;&#x10E5;&#x10E2;&#x10DD;&#x10E0;&#x10D8;</subfield>
    <subfield code="9">496</subfield>
  </datafield>
  <datafield tag="942" ind1=" " ind2=" ">
    <subfield code="c">BK</subfield>
    <subfield code="2">udc</subfield>
  </datafield>
  <datafield tag="952" ind1=" " ind2=" ">
    <subfield code="0">0</subfield>
    <subfield code="1">0</subfield>
    <subfield code="2">udc</subfield>
    <subfield code="4">0</subfield>
    <subfield code="6">62110758536681_&#x10DA;86</subfield>
    <subfield code="7">0</subfield>
    <subfield code="9">37521</subfield>
    <subfield code="a">SPL</subfield>
    <subfield code="b">SPL</subfield>
    <subfield code="c">GEN</subfield>
    <subfield code="d">2018-12-17</subfield>
    <subfield code="g">1.00</subfield>
    <subfield code="o">621.1(075.8)+536+681  &#x10DA;-86</subfield>
    <subfield code="p">10576</subfield>
    <subfield code="r">2018-12-17</subfield>
    <subfield code="t">10576</subfield>
    <subfield code="w">2018-12-17</subfield>
    <subfield code="y">BK</subfield>
    <subfield code="z">1 &#x10DA;. 34 &#x10D7;.</subfield>
  </datafield>
  <datafield tag="952" ind1=" " ind2=" ">
    <subfield code="0">0</subfield>
    <subfield code="1">0</subfield>
    <subfield code="2">udc</subfield>
    <subfield code="4">0</subfield>
    <subfield code="6">62110758536681_&#x10DA;86</subfield>
    <subfield code="7">0</subfield>
    <subfield code="9">37522</subfield>
    <subfield code="a">SPL</subfield>
    <subfield code="b">SPL</subfield>
    <subfield code="c">GEN</subfield>
    <subfield code="d">2018-12-17</subfield>
    <subfield code="g">1.00</subfield>
    <subfield code="o">621.1(075.8)+536+681  &#x10DA;-86</subfield>
    <subfield code="p">10577</subfield>
    <subfield code="r">2018-12-17</subfield>
    <subfield code="t">10577</subfield>
    <subfield code="w">2018-12-17</subfield>
    <subfield code="y">BK</subfield>
    <subfield code="z">1 &#x10DA;. 34 &#x10D7;.</subfield>
  </datafield>
  <datafield tag="952" ind1=" " ind2=" ">
    <subfield code="0">0</subfield>
    <subfield code="1">0</subfield>
    <subfield code="2">udc</subfield>
    <subfield code="4">0</subfield>
    <subfield code="6">62110758536681_&#x10DA;86</subfield>
    <subfield code="7">0</subfield>
    <subfield code="9">37523</subfield>
    <subfield code="a">SPL</subfield>
    <subfield code="b">SPL</subfield>
    <subfield code="c">GEN</subfield>
    <subfield code="d">2018-12-17</subfield>
    <subfield code="g">1.00</subfield>
    <subfield code="o">621.1(075.8)+536+681  &#x10DA;-86</subfield>
    <subfield code="p">10578</subfield>
    <subfield code="r">2018-12-17</subfield>
    <subfield code="t">10578</subfield>
    <subfield code="w">2018-12-17</subfield>
    <subfield code="y">BK</subfield>
    <subfield code="z">1 &#x10DA;. 34 &#x10D7;.</subfield>
  </datafield>
</record>
